| 000 | 00593nam a22001577a 4500 | ||
|---|---|---|---|
| 082 | _a004 | ||
| 100 | _aAmin Ur Rashid ; Abid, Sanea ; Fareed, Syeda Uneeza | ||
| 245 |
_aVirtual Vision for Driving During Fog / _cAmin Ur Rashid ; Sanea Abid ; Syeda Uneeza Fareed |
||
| 260 |
_aIslamabad : _bSEECS - NUST, _c2018. |
||
| 300 |
_a58 p. ; _c30cm, _eCD. |
||
| 650 |
_aSoftware Engineering-Project Report _930818 |
||
| 700 |
_aDr. Imran Mahmood _916359 |
||
| 856 | _uhttp://10.250.8.41:8080/xmlui/handle/123456789/20326 | ||
| 942 |
_2ddc _cPR |
||
| 999 |
_c536091 _d536091 |
||